| 000 | 00000nam##2200000za#4500 |
| 001 | 9.625964 |
| 003 | CaOODSP |
| 005 | 20210615104252 |
| 007 | ta |
| 008 | 150406|2002||||xxc||||| f|0| 0 fre|d |
| 022 | |a0706-6570 |
| 040 | |aCaOODSP|bfre |
| 043 | |an-cn--- |
| 086 | 1 |aFs97-6/2394F |
| 110 | 1 |aCanada. |bMinistère des pêches et des océans. |
| 245 | 10|aInventaire de l'oursin vert (Strongylocentrotus droebachiensis) au Bas-Saint-Laurent à l'aide d'une caméra vidéo sous-marine / |cpar Line Pelletier et Pierre Gauthier. |
| 260 | |aOttawa - Ontario : |bPêches et Océans Canada |c2002. |
| 300 | |avii, 30p. : |bfigures, ill. (certaines en couleur), références, tableaux ; |c28 cm. |
| 490 | 1 |aRapport technique canadien des sciences halieutiques et aquatiques|x0706-6570|v2394 |
| 520 | 3 |aCe rapport présente les résultats d’un inventaire vidéo sous-marin réalisé à l’été 2000 dans le but d’acquérir de l’information sur la distribution, l’abondance et la structure de taille des oursins verts (Strongylocentrotus droebachiensis) au Bas-Saint-Laurent. Le portrait de la région est basé sur un échantillonnage de 28 transects vidéo répartis entre Cacouna et Rimouski à des profondeurs variant entre 0 et 10 mètres. |
| 546 | |aAbstracts in English |
| 563 | |aReliure à spirale |
| 590 | |a02-26|b2002-06-28 |
| 691 | 07|aCrustacé|2gcpds |
| 691 | 07|aÉcosystème marin|2gcpds |
| 691 | 07|aInventaire|2gcpds |
| 720 | 1 |aGauthier, Pierre |
| 720 | 1 |aPelletier, Line |
| 776 | 0#|tInventaire de l'oursin vert (Strongylocentrotus droebachiensis) au Bas-Saint-Laurent à l'aide d'une caméra vidéo sous-marine / |w(CaOODSP)9.604041 |
| 830 | #0|aRapport technique canadien des sciences halieutiques et aquatiques,|x0706-6570|v2394|w(CaOODSP)9.513015 |